| 000 | 00680nam a2200253Ia 4500 | ||
|---|---|---|---|
| 001 | 2676 | ||
| 005 | 20240113233550.0 | ||
| 007 | ta | ||
| 008 | 050301s1982 g b000 u hin u | ||
| 040 | _aCotton College Assam | ||
| 041 | _ahin | ||
| 082 |
_a891.4309 _bM 781 Sa |
||
| 100 | _aMahanta, Maheswar . | ||
| 245 | 0 |
_aSahitya Samiksha / _cMaheswar Mahanta. _hTextual Documents |
|
| 250 | _a1st ed. / | ||
| 260 |
_aGuwahati : _bAssam rastrabhasha prashar samittee , _c1982. |
||
| 300 |
_a178p. ; _c18cm. |
||
| 653 | _aHindi literature-Criticism | ||
| 653 | _aGen-Hindi | ||
| 942 |
_2ddc _cBK |
||
| 999 |
_c2669 _d2669 |
||